000 00748 a2200205 4500
003 Nust
005 20230526105240.0
010 _a 97006719
020 _a0070390649 (alk. paper)
040 _cNust
082 0 0 _a808.51,LUC
100 1 _aLucas, Stephen,
_9112681
245 1 4 _aThe art of public speaking /
_cStephen E. Lucas.
250 _a6th ed.
260 _aBoston, Mass. :
_bMcGraw-Hill,
_cc1998.
300 _axxv, 478, 26, 8 p. :
_bill. ;
_c24 cm.
505 _aSpeaking and Listening (Page-1), Speech Preparation Getting Started (Page-74), Speech preparation : Organizing and Outlining (Page-197), Presenting the Speech (Page-263), Varieties of Public Speaking (Page-341).
650 0 _aPublic speaking.
_930004
942 _2ddc
_cBK
999 _c183612
_d183612